| 000 | 00591nam a2200193 u 4500 | ||
|---|---|---|---|
| 005 | 20210223131611.0 | ||
| 008 | 111005s2006 r 000 0 eng d | ||
| 020 | _a9707321520 | ||
| 035 | _aUPN01000182040 | ||
| 049 | _aCG | ||
| 050 | 4 |
_aPN3365 _bG8.2 |
|
| 100 | 1 | _aGuzmán, Humberto | |
| 245 | 1 | 0 |
_aAprendiz de novelista : _bapuntes sobre la escritura de novela, o, el oficio de escribir novela / _cHumberto Guzmán. |
| 260 |
_aMéxico : _bLectorum, _c2006. |
||
| 300 | _a129 p. | ||
| 650 | 4 |
_aNOVELA - _xTECNICA _94255 |
|
| 650 | 4 |
_aARTE DE ESCRIBIR - _vMANUALES _92553 |
|
| 905 | _aLibro | ||
| 999 |
_c154143 _d154143 |
||